| 000 | 00759nam a2200193 4500 | ||
|---|---|---|---|
| 008 | 010823s1996 enk 0 engYA | ||
| 020 | _a0800660471 | ||
| 090 |
_aBS491.2 _bH42 _bEpJohn |
||
| 100 | 1 | _aStrecker, John | |
| 245 | 1 | 0 |
_aThe Johannine letters : _ba commentary on 1, 2, and 3 John / _cby John Strecker; translation by Linda M. Maloney; edited by Harold Attridge. |
| 260 |
_aMinnesota : _bAugsburg Fortress, _cc1996. |
||
| 300 | _axliv, 319 p. | ||
| 490 | 1 | _aHermeneia-a critical and historical commentary on the Bible | |
| 504 | _aBiblio. : pp. 271-283. | ||
| 650 | 4 |
_aBible. N.T. Epistles of John _xCommentaries. |
|
| 700 | 1 | _aAttridge, Harold | |
| 700 | 1 | _aMaloney, Linda M. | |
| 951 |
_p20686 _oBS491.2/H42/EpJohn _j070613110952031 _d2000-12-21 _cREF |
||
| 999 |
_c3440 _d3440 |
||